| 000 | 01628 a2200229 4500 | ||
|---|---|---|---|
| 001 | 15494 | ||
| 005 | 20260407155450.0 | ||
| 008 | 260407a2003 arg spa d | ||
| 003 | AR-UNSa-BCEJYS | ||
| 040 |
_aAR-UNSa-BCEJYS _bspa _cAR-UNSa-BCEJYS |
||
| 080 |
_a657.6 _xAuditoria (control interno) |
||
| 245 | 1 | 0 |
_aResponsabilidad de los auditores y de los estudios de auditoría frente al fraude y al "default" reprochable de la empresa _pCon un análisis de los casos ENRON, WORLDCOM, XEROX y AHOLD |
| 020 | _a987-01-0187-9 | ||
| 250 | _a2a. ed. | ||
| 264 | 1 |
_aBuenos Aires : _bErrepar _c2003 |
|
| 300 |
_axvii, 306 p. _c21 cm. |
||
| 505 | _a1. La realidad societaria argentina de los años 2000 - 2. Los auditores y los estudios de auditoría: análisis de su responsabilidad - 3. Las defensas habitualmente utilizadas por los auditores en la República Argentina frente a la imputación judicial de responsabilidad: Crítica - 4. Las sociedades argentinas y algunos de sus vicios más comunes: posición de los auditores - 5. Responsabilidad solidaria de directores, socios, síndicos y auditores de sociedades anónimas, por fraude laboral - 6. "El caso ENRON" (Y WORLDCON) - 7. Los casos "XEROX y "AHOLD" - 8. Conclusiones - 9. Análisis de la cuestión desde la perspectiva del derecho penal | ||
| 942 | _cBK | ||
| 590 | _aniveau_biblio:m niveau_hierar:0 | ||
| 100 | 1 | _aMartorell, Ernesto Eduardo | |
| 856 | 4 | 1 |
_uhttps://biblioeco.unsa.edu.ar/pmb/images/libros/Responsabilidad de los auditores y de los estudios de auditoria frente al fraude y al default reprochable de la empresa2-l116318.jpg _yImagen de portada _qimage/jpeg |
| 999 |
_c656 _d656 |
||